000 00624nam a22002057a 4500
003 OSt
005 20140310182838.0
008 130607t xxu||||| |||| 00| 0 eng d
020 _a9780060556310
050 _aN 2940
_b.B912 2001
082 _aM 708.5634
_bB912 2001
245 _aIn the footsteps of popes :
_ba spirited guide to the treasures of the Vatican /
_cBruschini, Enrico
260 _aNew York, NY :
_bHarper Perenial,
_c2001.
300 _axi, 260 p. :
_bill. (some col.) ;
_c24 cm.
521 _acollege students
526 _c1210L-1700L
541 _j1
562 _e1
942 _2lcc
_cBK
_kM
999 _c16797
_d16797